Martin v Maryland Estates Ltd (Record no. 54949)

MARC details
000 -LEADER
fixed length control field 01651cab a2200253 4500
001 - CONTROL NUMBER
control field ABS58923
008 - FIXED-LENGTH DATA ELEMENTS--GENERAL INFORMATION
fixed length control field 090401t1998 xxu||||| |||| 00| 0 eng d
035 ## - SYSTEM CONTROL NUMBER
System control number (Sirsi) u87165
041 ## - LANGUAGE CODE
Language code of text/sound track or separate title eng
245 ## - TITLE STATEMENT
Title Martin v Maryland Estates Ltd
260 ## - PUBLICATION, DISTRIBUTION, ETC.
Date of publication, distribution, etc. 1998
350 ## - PRICE (NR) (BK AM CF MU VM SE) [OBSOLETE]
Price 0
490 ## - SERIES STATEMENT
Series statement Estates Gazette
Volume/sequential designation [1998] 25 EG 169-171(3)
520 ## - SUMMARY, ETC.
Summary, etc. CA 16 February 1998. The appellant owned a building divided into two flats which were let on long leases. The appellant commenced proceedings for forfeiture for arrears due which were resolved on 20 July 1995 when consent orders were made setting out terms for payment. On 3 August 1995 the defendant served a notice under section 13 of the Leasehold Reform, Housing and Urban Development Act 1993 seeking collective enfranchisement. The appellant served a counternotice claiming that the section 13 notice was invalid as forfeiture proceedings were pending. Relief from forfeiture took effect on 21 December 1995 and the county court judge granted retrospective leave to serve the section 13 notice and upheld its validity. The appellant appealed. The appeal was allowed on the basis that on 3 August 1995 forfeiture proceedings were still pending, the defendant was not a qualifying tenant and was not therefore entitled to serve a section 13 notice.
650 ## - SUBJECT ADDED ENTRY--TOPICAL TERM
Topical term or geographic name entry element CADOGAN V MCGIRK
650 ## - SUBJECT ADDED ENTRY--TOPICAL TERM
Topical term or geographic name entry element CONSENT ORDER
650 ## - SUBJECT ADDED ENTRY--TOPICAL TERM
Topical term or geographic name entry element ENFRANCHISEMENT NOTICE
650 ## - SUBJECT ADDED ENTRY--TOPICAL TERM
Topical term or geographic name entry element FORFEITURE PROCEEDINGS
650 ## - SUBJECT ADDED ENTRY--TOPICAL TERM
Topical term or geographic name entry element LEASEHOLD REFORM, HOUSING AND URBAN DEVELOPMENT ACT 1993 S13
650 ## - SUBJECT ADDED ENTRY--TOPICAL TERM
Topical term or geographic name entry element QUALIFYING TENANTS
690 ## - LOCAL SUBJECT ADDED ENTRY--TOPICAL TERM (OCLC, RLIN)
Topical term or geographic name as entry element LANDLORD AND TENANT-CASE LAW-LEASEHOLD REFORM
942 ## - ADDED ENTRY ELEMENTS (KOHA)
Suppress in OPAC 0
948 ## - LOCAL PROCESSING INFORMATION (OCLC); SERIES PART DESIGNATOR (RLIN)
c (OCLC) 02/07/1998
Holdings
Withdrawn status Lost status Source of classification or shelving scheme Damaged status Not for loan Home library Current library Shelving location Date acquired Total Checkouts Full call number Barcode Date last seen Copy number Price effective from Koha item type
    Dewey Decimal Classification     London London Journal article 14/09/1999   ABS58923 87165-1001 06/08/2019 1 06/08/2019 Law report